[Event "JAGI 1"]
[Site "SchemingMind.com"]
[Date "2024.01.20"]
[Round "-"]
[White "Black Knight"]
[Black "malcolm chugg"]
[Result "0-1"]
[WhiteCountry "USA"]
[BlackCountry "WLS"]
[WhiteElo "1185"]
[WhiteRD "61"]
[BlackElo "1159"]
[BlackRD "55"]
[GameID "741614"]

1. e4 e5 2. Nf3 d6 3. Bc4 Be7 4. O-O Bd7 5. Nc3 Bg4 6. h3 Bh5 7. Qe2 f6 8. Bxg8 Rxg8 9. d3 Qd7 10. Be3 Qe6
11. Nd5 Qd7 12. c4 Nc6 13. a3 Na5 14. Qc2 Bxf3 15. gxf3 Qxh3 16. f4 Qd7 17. b4 Nc6 18. b5 Nd8 19. f3 g5 20. f5 h6
21. Kf2 h5 22. Ke2 h4 23. Rh1 c6 24. bxc6 Nxc6 25. Qa4 Rg7 26. Rhb1 Qc8 27. Rb3 Bd8 28. Rab1 h3 29. Nb4 Bb6 30. Nxc6 bxc6
31. Rb4 Bxe3 32. Kxe3 Qc7 33. Rb7 Qxb7 34. Rxb7 Rxb7 35. Qxc6+ Rd7 36. Qxa8+ Ke7 37. Qc6 h2
0-1

[Event "JAGI 1"]
[Site "SchemingMind.com"]
[Date "2024.01.20"]
[Round "-"]
[White "Black Knight"]
[Black "kenneth m day"]
[Result "0-1"]
[WhiteCountry "USA"]
[BlackCountry "USA"]
[WhiteElo "1185"]
[WhiteRD "61"]
[BlackElo "1690"]
[BlackRD "59"]
[GameID "741615"]

1. e4 d5 2. d3 dxe4 3. d4 Nf6 4. Nc3 Bd7 5. Bg5 h6 6. Bxf6 exf6 7. Nxe4 Be7 8. Bc4 O-O 9. Nf3 Nc6 10. O-O Bf5
11. Re1 Bg4 12. d5 Ne5 13. b3 Nxf3+ 14. gxf3 Bh3 15. Ng3 Bd6 16. Bd3 Qd7 17. Re4 Rfe8 18. Rh4 Re5 19. f4 Re7 20. f5 Bxg3
21. Rxh3 Be5 22. Qh5 Bxa1 23. Be2 Rae8 24. Rg3 Kf8 25. Qf3 Rxe2 26. b4 Re1+ 27. Kg2 Be5 28. Rg4 Bd6 29. c3 R8e5 30. c4 Rxf5
31. Qc3 Re2 32. Qd3 Rexf2+ 33. Kg1 R5f3 34. Qd1 Qxg4+
0-1

[Event "JAGI 1"]
[Site "SchemingMind.com"]
[Date "2024.01.20"]
[Round "-"]
[White "Chessibelle"]
[Black "Black Knight"]
[Result "1-0"]
[WhiteCountry "ENG"]
[BlackCountry "USA"]
[WhiteElo "1049"]
[WhiteRD "58"]
[BlackElo "1185"]
[BlackRD "61"]
[GameID "741616"]

1. Nf3 d5 2. d4 e6 3. Bd2 Nc6 4. g3 Bb4 5. c3 Bd6 6. a3 Nf6 7. h3 Ne4 8. Be3 O-O 9. Nbd2 Bd7 10. b4 Nxc3
11. Qc2 Ne4 12. Nxe4 dxe4 13. Qxe4 f5 14. Qd3 a6 15. h4 b5 16. d5 exd5 17. Bc1 f4 18. Rg1
1-0

[Event "JAGI 1"]
[Site "SchemingMind.com"]
[Date "2024.01.25"]
[Round "-"]
[White "JAHI"]
[Black "Black Knight"]
[Result "1-0"]
[WhiteCountry "INT"]
[BlackCountry "USA"]
[WhiteElo "2204"]
[WhiteRD "80"]
[BlackElo "1159"]
[BlackRD "66"]
[GameID "741617"]

1. a3 d5 2. a4 e5 3. Na3 Bd7 4. b3 Bxa3 5. Bxa3 Nc6 6. e3 a5 7. Bb5 Nge7 8. Kf1 O-O 9. Ne2 Nb4 10. Bxd7 Qxd7
11. c3 Nd3 12. Nc1 Nxc1 13. Rxc1 c5 14. Bxc5 Qc6 15. Bxe7 Rfe8 16. Ba3 d4 17. cxd4 Qa6+ 18. Qe2 Qe6 19. Qc4 Rac8 20. Qxe6 fxe6
21. Rxc8 Rxc8 22. dxe5 Kf7 23. Ke2 Kg6 24. Rc1 Rd8 25. Rc7
1-0

[Event "JAGI 1"]
[Site "SchemingMind.com"]
[Date "2024.01.20"]
[Round "-"]
[White "mrfamous"]
[Black "Black Knight"]
[Result "1-0"]
[WhiteCountry "AUS"]
[BlackCountry "USA"]
[WhiteElo "2421"]
[WhiteRD "117"]
[BlackElo "1225"]
[BlackRD "61"]
[GameID "741619"]

1. Nf3 d5 2. d4 Nc6 3. c4 Bg4 4. cxd5 Qxd5 5. Nc3 Qd8 6. d5 Nb4 7. Qa4+ Bd7 8. Qxb4 Nf6 9. Qxb7 e6 10. dxe6 Bxe6
11. e4 Nxe4 12. Bb5+ Ke7 13. Qxe4 f5 14. Bg5+
1-0

[Event "JAGI 1"]
[Site "SchemingMind.com"]
[Date "2024.01.21"]
[Round "-"]
[White "Steven DuCharme"]
[Black "Phillip Beckett"]
[Result "1-0"]
[WhiteCountry "USA"]
[BlackCountry "ENG"]
[WhiteElo "1563"]
[WhiteRD "52"]
[BlackElo "1461"]
[BlackRD "52"]
[GameID "741621"]

1. Nf3 Nf6 2. b3 g6 3. Bb2 Bg7 4. e3 O-O 5. Be2 d6 6. O-O Nbd7 7. d3 c6 8. Nbd2 e5 9. Re1 Ne8 10. Nf1 f5
11. a4 Nef6 12. h3 e4 13. dxe4 Nxe4 14. Bxg7 Kxg7 15. Qd4+ Kg8 16. Ng3 Nxg3 17. fxg3 Qf6 18. c4 Qxd4 19. exd4 Nf6 20. Bd3 Bd7
21. b4 Rae8 22. b5 cxb5 23. axb5 Rxe1+ 24. Nxe1 Re8 25. Kf1 a6 26. bxa6 bxa6 27. Rxa6 Ne4 28. Bxe4 Rxe4 29. Rxd6 Be6 30. d5 Bf7
31. c5 Rd4 32. Rd8+ Kg7 33. d6 Rd5 34. c6 Be8 35. Rxe8 Rxd6 36. c7
1-0

[Event "JAGI 1"]
[Site "SchemingMind.com"]
[Date "2024.01.21"]
[Round "-"]
[White "Phillip Beckett"]
[Black "pmdpsp"]
[Result "0-1"]
[WhiteCountry "ENG"]
[BlackCountry "GER"]
[WhiteElo "1461"]
[WhiteRD "52"]
[BlackElo "1667"]
[BlackRD "72"]
[GameID "741622"]

1. e4 c5 2. Nf3 Nc6 3. d4 cxd4 4. Nxd4 Nxd4 5. Qxd4 Nf6 6. Nc3 e6 7. Bd3 b6 8. Bg5 Bc5 9. Bxf6 Bxd4 10. Bxd8 Bxc3+
11. bxc3 Kxd8 12. O-O Bb7 13. f3 Rc8 14. c4 Ke7 15. a4 Rc5 16. Rab1 g6 17. Rb5 d6 18. Rfb1 Bc6 19. Rxc5 dxc5 20. Ra1 h5
21. c3 f5 22. exf5 gxf5 23. Re1 Bxa4 24. Bxf5 Rh6 25. Bb1 Bb3 26. f4 Bxc4 27. f5 a5 28. fxe6 Rxe6 29. Rxe6+ Kxe6 30. Kf2 Kf6
31. Kf3 Bd5+ 32. Kg3 Kg5 33. h4+ Kf6 34. Kh3 a4 35. g4 hxg4+ 36. Kxg4 a3 37. h5 a2 38. Bxa2 Bxa2 39. h6 Bg8 40. h7 Bxh7
41. Kf4 Ke6 42. Ke3 Kd5 43. Kd2 Kc4 44. Kc1 Kb3 45. Kd2 b5 46. c4 Kxc4 47. Kc1 Kb3
0-1

[Event "JAGI 1"]
[Site "SchemingMind.com"]
[Date "2024.01.20"]
[Round "-"]
[White "Phillip Beckett"]
[Black "malcolm chugg"]
[Result "1-0"]
[WhiteCountry "ENG"]
[BlackCountry "WLS"]
[WhiteElo "1461"]
[WhiteRD "52"]
[BlackElo "1159"]
[BlackRD "55"]
[GameID "741623"]

1. e4 e5 2. Nf3 d6 3. d4 Bg4 4. dxe5 Nd7 5. exd6 Bxd6 6. Be2 Bh5 7. O-O Bxf3 8. Bxf3 Qf6 9. Nc3 Bb4 10. Be3 Bxc3
11. bxc3 Qxc3 12. Bd4 Qc6 13. Bxg7 f6 14. Bxh8 Qe6 15. Bh5+ Ke7 16. Qd5 c6 17. Qxe6+ Kxe6 18. f4 Ne7 19. e5 Rxh8 20. exf6 Nxf6
21. Bf3 h5 22. Rae1+ Kf7 23. Re5 a5 24. Rfe1 Nfg8 25. Bxh5+ Kf8 26. g4 b6 27. f5 c5 28. f6
1-0

[Event "JAGI 1"]
[Site "SchemingMind.com"]
[Date "2024.01.20"]
[Round "-"]
[White "Phillip Beckett"]
[Black "kenneth m day"]
[Result "0-1"]
[WhiteCountry "ENG"]
[BlackCountry "USA"]
[WhiteElo "1461"]
[WhiteRD "52"]
[BlackElo "1690"]
[BlackRD "59"]
[GameID "741624"]

1. e4 e5 2. Nf3 Nc6 3. Bb5 Nf6 4. O-O Nxe4 5. Qe2 Ng5 6. Bxc6 bxc6 7. Nxg5 Qxg5 8. d4 Qe7 9. Qxe5 d6 10. Qxe7+ Bxe7
11. c3 O-O 12. Bf4 Be6 13. Nd2 Rfe8 14. Rfe1 Bf6 15. Ne4 Be7 16. Ng5 Bd5 17. b3 Bxg5 18. Bxg5 h6 19. f3 hxg5 20. Kf2 Be6
21. Re3 Bd7 22. Rae1 Rxe3 23. Rxe3 Re8 24. Rxe8+ Bxe8 25. c4 f5 26. Ke3 Bd7 27. g3 Kf7 28. f4 gxf4+ 29. Kxf4 Kf6 30. h4 g6
31. c5 Be6 32. cxd6 cxd6 33. b4 Bxa2
0-1

[Event "JAGI 1"]
[Site "SchemingMind.com"]
[Date "2024.01.20"]
[Round "-"]
[White "Chessibelle"]
[Black "Phillip Beckett"]
[Result "0-1"]
[WhiteCountry "ENG"]
[BlackCountry "ENG"]
[WhiteElo "1055"]
[WhiteRD "56"]
[BlackElo "1499"]
[BlackRD "52"]
[GameID "741625"]

1. Nf3 Nf6 2. h3 g6 3. d4 Bg7 4. e3 d6 5. Be2 O-O 6. O-O Nbd7 7. Nbd2 c6 8. b4 a5 9. c3 axb4 10. cxb4 b6
11. Nh2 c5 12. Qb3 Ba6 13. Re1 cxd4 14. exd4 Rc8 15. Bb2 Bxe2 16. Rxe2 Nh5 17. g4 Nf4 18. Re3 Nf6 19. a3 Qc7 20. Qd1 N4d5
21. Re2 Qc2 22. Qb1 Qxb1+ 23. Nxb1 e6 24. f3 Nf4 25. Rf2 Nxh3+ 26. Kf1 Nxf2 27. Kxf2 Rc2+ 28. Ke3 Rxb2 29. Nc3 Rb3 30. Kd3 Nd5
31. Kc4 Rxc3+ 32. Kb5 Ra8 33. Nf1 Raxa3 34. Ng3 Bxd4 35. Ne4 Nc7#
0-1

[Event "JAGI 1"]
[Site "SchemingMind.com"]
[Date "2024.01.25"]
[Round "-"]
[White "JAHI"]
[Black "Phillip Beckett"]
[Result "1-0"]
[WhiteCountry "INT"]
[BlackCountry "ENG"]
[WhiteElo "2204"]
[WhiteRD "80"]
[BlackElo "1484"]
[BlackRD "54"]
[GameID "741626"]

1. a3 d5 2. a4 e5 3. Na3 Bc5 4. e3 Nf6 5. b3 c6 6. Bb2 Bd6 7. c3 O-O 8. c4 e4 9. Be2 Be6 10. h3 Nbd7
11. h4 Nc5 12. Kf1 a6 13. Bd4 Qd7 14. Bxf6 gxf6 15. b4 Nd3 16. c5 Bc7 17. Nc2 f5 18. Bxd3 exd3 19. Nd4 f4 20. Nxe6 Qxe6
21. exf4 Bxf4 22. Rh3 Qe4 23. Qb3 Kh8 24. Re1 Qc4 25. Rxd3 Qxb3 26. Rxb3 Bxd2 27. Re2 Bh6 28. Re7 Bd2 29. Nf3 Bf4 30. Rxb7 a5
31. b5 cxb5 32. R3xb5 Kg8 33. g3 Bh6 34. c6 Rfc8 35. c7 Bf8 36. Rxd5 Be7 37. Ne5 Bf6 38. Nd7 Be7 39. Nb6
1-0

[Event "JAGI 1"]
[Site "SchemingMind.com"]
[Date "2024.01.21"]
[Round "-"]
[White "Steven DuCharme"]
[Black "pmdpsp"]
[Result "0-1"]
[WhiteCountry "USA"]
[BlackCountry "GER"]
[WhiteElo "1509"]
[WhiteRD "51"]
[BlackElo "1667"]
[BlackRD "72"]
[GameID "741628"]

1. Nf3 g6 2. g3 Bg7 3. Bg2 e5 4. d3 d5 5. O-O Nc6 6. Nbd2 Nf6 7. Re1 O-O 8. a3 Bf5 9. Nf1 e4 10. dxe4 Nxe4
11. Ne3 Ne7 12. Nxf5 Nxf5 13. c3 c6 14. Nd4 Nxd4 15. cxd4 Re8 16. f3 Nd6 17. Bf4 Nf5 18. e3 g5 19. g4 gxf4 20. gxf5 Rxe3
21. Rxe3 fxe3 22. Qd3 Qh4
0-1

[Event "JAGI 1"]
[Site "SchemingMind.com"]
[Date "2024.01.21"]
[Round "-"]
[White "pmdpsp"]
[Black "malcolm chugg"]
[Result "1-0"]
[WhiteCountry "GER"]
[BlackCountry "WLS"]
[WhiteElo "1667"]
[WhiteRD "72"]
[BlackElo "1134"]
[BlackRD "52"]
[GameID "741629"]

1. g4 g5 2. Bg2 Bg7 3. d4 d6 4. h3 e6 5. Nf3 Bf6 6. Nc3 Bd7 7. Nxg5 Bxg5 8. Bxg5 Qc8 9. d5 e5 10. f4 f6
11. fxe5 fxe5 12. Be4 Ne7 13. Rf1 h6 14. Bf6 Rf8 15. Qd2 Qd8 16. Qxh6 Bc8 17. Qh5+ Kd7 18. Bf5+ Nxf5 19. Bxd8 Kxd8 20. gxf5 Bd7
21. f6 c6 22. Qh6
1-0

[Event "JAGI 1"]
[Site "SchemingMind.com"]
[Date "2024.01.21"]
[Round "-"]
[White "Chessibelle"]
[Black "pmdpsp"]
[Result "0-1"]
[WhiteCountry "ENG"]
[BlackCountry "GER"]
[WhiteElo "1055"]
[WhiteRD "56"]
[BlackElo "1667"]
[BlackRD "72"]
[GameID "741630"]

1. Nf3 d5 2. d4 Nc6 3. e3 Bg4 4. Be2 Nf6 5. O-O e6 6. b3 Bb4 7. c3 Bd6 8. g3 h5 9. Nbd2 Ne4 10. h3 Bxh3
11. Re1 h4 12. Nxe4 dxe4 13. Nxh4 Rxh4 14. f3 Bxg3 15. Bf1 Qg5 16. Re2 Bh2+ 17. Kxh2 Bxf1#
0-1

[Event "JAGI 1"]
[Site "SchemingMind.com"]
[Date "2024.01.20"]
[Round "-"]
[White "Chessibelle"]
[Black "malcolm chugg"]
[Result "1-0"]
[WhiteCountry "ENG"]
[BlackCountry "WLS"]
[WhiteElo "1049"]
[WhiteRD "58"]
[BlackElo "1159"]
[BlackRD "55"]
[GameID "741631"]

1. Nf3 Nf6 2. h3 b6 3. d4 Bb7 4. Nbd2 d6 5. e3 e5 6. Be2 Nbd7 7. O-O Be7 8. Nh2 Qc8 9. f3 d5 10. b3 O-O
11. g4 c5 12. c3 Qc6 13. Bd3 Bd6 14. f4 b5 15. a3 Ba6 16. b4 c4 17. Bc2 e4 18. Re1 Kh8 19. Qe2 Be7 20. g5 Ne8
21. h4 g6 22. Bb2 f5 23. h5 Rg8 24. Nhf1 Nf8 25. Qh2 gxh5 26. Qxh5 Qh6 27. Qf7 Qe6 28. Qh5 Qg6 29. Qh2 Bb7 30. Kf2 Bc8
31. Ng3 Be6 32. Rh1 Bf7 33. Qg1 Rd8 34. Rh6 Qg7 35. Nxf5 Qxh6 36. Nxh6 Rg7 37. Nf5 Rg6 38. Nxe7 Re6 39. Nxd5 Rxd5 40. Bxe4 Rd8
41. Qg4 Nc7 42. Rh1 Bg6 43. f5 Rxe4 44. Qxe4
1-0

[Event "JAGI 1"]
[Site "SchemingMind.com"]
[Date "2024.01.21"]
[Round "-"]
[White "Steven DuCharme"]
[Black "kenneth m day"]
[Result "1-0"]
[WhiteCountry "USA"]
[BlackCountry "USA"]
[WhiteElo "1563"]
[WhiteRD "52"]
[BlackElo "1690"]
[BlackRD "59"]
[GameID "741632"]

1. b3 Nf6 2. Bb2 e6 3. Nf3 d5 4. g3 c5 5. Bg2 Nc6 6. O-O Be7 7. a3 O-O 8. d3 b5 9. Nbd2 Bb7 10. e4 dxe4
11. Nxe4 Nxe4 12. dxe4 Qc7 13. Qe2 a6 14. e5 Rab8 15. Rfd1 Rfd8 16. Rxd8+ Rxd8 17. Rd1 h6 18. Rxd8+ Qxd8 19. Qd2 Qxd2 20. Nxd2 Kf8
21. f4 f6 22. exf6 Bxf6 23. Bxf6 gxf6 24. Ne4 Ke7 25. Nxc5
1-0

[Event "JAGI 1"]
[Site "SchemingMind.com"]
[Date "2024.01.21"]
[Round "-"]
[White "kenneth m day"]
[Black "pmdpsp"]
[Result "1-0"]
[WhiteCountry "USA"]
[BlackCountry "GER"]
[WhiteElo "1690"]
[WhiteRD "59"]
[BlackElo "1667"]
[BlackRD "72"]
[GameID "741633"]

1. e4 g6 2. Nc3 Bg7 3. d4 e6 4. Nf3 Nc6 5. Be3 Nge7 6. Be2 d5 7. Qd2 O-O 8. O-O-O a5 9. a3 b6 10. h4 Ba6
11. Bxa6 Rxa6 12. exd5 Nxd5 13. Nxd5 Qxd5 14. b3 a4 15. Qd3 Na5 16. Qxa6 axb3 17. Qd3 Nc4 18. Qxb3 Ra8 19. Nd2 b5 20. Nxc4 bxc4
21. Qb2 c3 22. Qxc3 Qa2 23. Qb2 Qd5 24. Rhg1 Bf8 25. Qb3 Rxa3 26. Qxd5 exd5 27. Kb2
1-0

[Event "JAGI 1"]
[Site "SchemingMind.com"]
[Date "2024.01.20"]
[Round "-"]
[White "kenneth m day"]
[Black "malcolm chugg"]
[Result "1-0"]
[WhiteCountry "USA"]
[BlackCountry "WLS"]
[WhiteElo "1690"]
[WhiteRD "59"]
[BlackElo "1159"]
[BlackRD "55"]
[GameID "741634"]

1. e4 e5 2. f4 d6 3. Nf3 Bg4 4. Be2 Bxf3 5. Bxf3 Qh4+ 6. g3 Qf6 7. d3 Nc6 8. Nc3 a6 9. Nd5 Qd8 10. O-O Nf6
11. fxe5 Nxe5 12. Nxf6+ Qxf6 13. Bh5 Qe6 14. Bf4 g6 15. Be2 f6 16. Qd2 O-O-O 17. Qc3 g5 18. Be3 c5 19. d4 Nd7 20. Bf3 b5
21. dxc5 dxc5 22. Qa5 Nb8 23. Rad1 Be7 24. Kg2 Qc4 25. c3 Rd7 26. Rxd7 Nxd7 27. Rd1 g4 28. Qxa6+ Kc7 29. Bf4+ Ne5 30. Bxg4 h5
31. Rd7+ Kb8 32. Qb7#
1-0

[Event "JAGI 1"]
[Site "SchemingMind.com"]
[Date "2024.01.20"]
[Round "-"]
[White "Chessibelle"]
[Black "kenneth m day"]
[Result "0-1"]
[WhiteCountry "ENG"]
[BlackCountry "USA"]
[WhiteElo "1049"]
[WhiteRD "58"]
[BlackElo "1690"]
[BlackRD "59"]
[GameID "741635"]

1. Nf3 Nf6 2. d4 d5 3. e3 Bf5 4. Nc3 Nbd7 5. g3 h6 6. h4 e6 7. Bd2 Be7 8. Bb5 c6 9. Be2 O-O 10. O-O Bh3
11. Re1 Qc7 12. b3 Rfe8 13. Nh2 e5 14. f4 exf4 15. exf4 Qb6 16. Be3 Bb4 17. Qd2 Ne4 18. Qd3 Nxc3 19. Bf3 Nb5 20. Rac1 Bxe1
21. Rxe1 Nf6 22. g4 Nd6 23. g5 hxg5 24. fxg5 Nfe4 25. c3 Qc7 26. Bd1 Nf5 27. Qe2 Qg3+
0-1

[Event "JAGI 1"]
[Site "SchemingMind.com"]
[Date "2024.01.25"]
[Round "-"]
[White "JAHI"]
[Black "Steven DuCharme"]
[Result "1-0"]
[WhiteCountry "INT"]
[BlackCountry "USA"]
[WhiteElo "2204"]
[WhiteRD "80"]
[BlackElo "1613"]
[BlackRD "52"]
[GameID "741637"]

1. a3 a5 2. a4 g6 3. h3 Bg7 4. h4 h5 5. Na3 b6 6. d3 Bb7 7. d4 Nf6 8. Nf3 Na6 9. g3 O-O 10. Bg2 d6
11. Kf1 c6 12. c3 Qd7 13. Nc4 Qc7 14. Bg5 Ne4 15. Qd3 Nxg5 16. hxg5 e5 17. dxe5 dxe5 18. Qd6 Qxd6 19. Nxd6 Ra7 20. Nxb7 Rxb7
21. Nd2 Nb8 22. Nc4 Rd8 23. e3 f6 24. gxf6 Bxf6 25. Ke2 Rbd7 26. Rhb1 Rb7 27. Be4 Kf7 28. b3 Ke6 29. b4
1-0

[Event "JAGI 1"]
[Site "SchemingMind.com"]
[Date "2024.01.25"]
[Round "-"]
[White "pmdpsp"]
[Black "JAHI"]
[Result "0-1"]
[WhiteCountry "GER"]
[BlackCountry "INT"]
[WhiteElo "1636"]
[WhiteRD "76"]
[BlackElo "2204"]
[BlackRD "80"]
[GameID "741638"]

1. g4 f6 2. Bg2 Nh6 3. h3 e6 4. d4 Nf7 5. Nc3 Bb4 6. Bd2 a6 7. Na4 Bxd2+ 8. Qxd2 a5 9. Nf3 b6 10. b4 axb4
11. Qxb4 Nc6 12. Qb3 Bb7 13. O-O h6 14. c4 h5 15. gxh5 Rxh5 16. e4 f5 17. Nc3 Na5 18. Qc2 Nxc4 19. Nb5 fxe4 20. Nh2 Rxb5
21. Qxc4 Rg5 22. Ng4 Nh6 23. Nxh6 gxh6 24. Qe2 Ra3 25. Kh1 Qf6 26. Rad1 Qg6 27. f3 exf3 28. Bxf3 Qf5 29. Bg2 Qxh3+ 30. Kg1 Rxg2+
31. Qxg2 Qxg2#
0-1

[Event "JAGI 1"]
[Site "SchemingMind.com"]
[Date "2024.01.25"]
[Round "-"]
[White "malcolm chugg"]
[Black "JAHI"]
[Result "0-1"]
[WhiteCountry "WLS"]
[BlackCountry "INT"]
[WhiteElo "1159"]
[WhiteRD "55"]
[BlackElo "2164"]
[BlackRD "84"]
[GameID "741639"]

1. f4 f6 2. e4 Nh6 3. g4 e6 4. g5 fxg5 5. d3 gxf4 6. Bxf4 Qf6 7. Bc1 Qh4+ 8. Ke2 Bc5 9. Be3 Bxe3 10. Kxe3 Ng4+
0-1

[Event "JAGI 1"]
[Site "SchemingMind.com"]
[Date "2024.01.25"]
[Round "-"]
[White "kenneth m day"]
[Black "JAHI"]
[Result "0-1"]
[WhiteCountry "USA"]
[BlackCountry "INT"]
[WhiteElo "1611"]
[WhiteRD "61"]
[BlackElo "2155"]
[BlackRD "72"]
[GameID "741640"]

1. e4 f6 2. d4 a6 3. Bc4 a5 4. Nc3 e6 5. Nf3 Bb4 6. Bd2 Na6 7. a3 Bxc3 8. Bxc3 c6 9. Qe2 d6 10. O-O Nh6
11. Rad1 d5 12. exd5 cxd5 13. Bd3 Nf7 14. Rfe1 Kf8 15. Qd2 b6 16. b3 Nc7 17. b4 Ne8 18. bxa5 bxa5 19. Rb1 Ned6 20. Rb2 Qc7
21. Reb1 Ne4 22. Bxe4 dxe4 23. Ne1 Nd6 24. Rb6 Nc4 25. Qe2 Nxb6
0-1

[Event "JAGI 1"]
[Site "SchemingMind.com"]
[Date "2024.01.25"]
[Round "-"]
[White "JAHI"]
[Black "Chessibelle"]
[Result "1-0"]
[WhiteCountry "INT"]
[BlackCountry "ENG"]
[WhiteElo "2204"]
[WhiteRD "80"]
[BlackElo "1043"]
[BlackRD "61"]
[GameID "741641"]

1. a3 e5 2. a4 a5 3. Na3 Nc6 4. d3 Nf6 5. Bg5 Be7 6. Bxf6 Bxf6 7. e3 d6 8. Be2 g6 9. Bg4 O-O 10. Bxc8 Rxc8
11. h3 d5 12. g3 b6 13. h4 Ne7 14. h5 g5 15. h6 Qd7 16. Nb5 Qc6 17. Na7 Qa8 18. Qf3 Bg7 19. hxg7 Rfe8 20. Qh5 f6
21. Qxh7+ Kf7 22. g8=Q#
1-0

[Event "JAGI 1"]
[Site "SchemingMind.com"]
[Date "2024.01.21"]
[Round "-"]
[White "eliecercruzr"]
[Black "Steven DuCharme"]
[Result "1-0"]
[WhiteCountry "CUB"]
[BlackCountry "USA"]
[WhiteElo "2309"]
[WhiteRD "60"]
[BlackElo "1563"]
[BlackRD "52"]
[GameID "741647"]

1. e4 d6 2. d4 Nf6 3. Nc3 g6 4. Nf3 Bg7 5. Bg5 O-O 6. h3 h6 7. Be3 b6 8. e5 dxe5 9. dxe5 Nh7 10. Bd3 Bb7
11. Qe2 e6 12. O-O-O Qe7 13. Be4 Bxe4 14. Nxe4 Rd8 15. Rxd8+ Qxd8 16. Rd1 Qe7 17. Qc4 Nd7 18. Qc6 Rd8 19. Qxc7
1-0

[Event "JAGI 1"]
[Site "SchemingMind.com"]
[Date "2024.01.20"]
[Round "-"]
[White "Kenny Elliott"]
[Black "eliecercruzr"]
[Result "0-1"]
[WhiteCountry "USA"]
[BlackCountry "CUB"]
[WhiteElo "1495"]
[WhiteRD "73"]
[BlackElo "2309"]
[BlackRD "60"]
[GameID "741648"]

1. d4 Nf6 2. Nc3 d5 3. Bg5 Nbd7 4. Nf3 a6 5. Bxf6 Nxf6 6. e3 e6 7. Be2 c5 8. O-O Qc7 9. a3 Bd6 10. dxc5 Bxc5
11. Bd3 O-O 12. b4 Bxe3 13. fxe3 Qxc3 14. Qe2 Bd7 15. Nd4 e5 16. Nf5 e4 17. Bxe4 dxe4 18. Nd4 Rac8 19. Rfc1 Ng4 20. h3 Nxe3
21. Nb3 Nxg2 22. Qxg2 Bxh3 23. Qxe4 Rc4 24. Qxb7 Qg3+ 25. Kh1 Rh4 26. Qxa6 Bf1#
0-1

[Event "JAGI 1"]
[Site "SchemingMind.com"]
[Date "2024.01.25"]
[Round "-"]
[White "eliecercruzr"]
[Black "The Stonewall"]
[Result "1-0"]
[WhiteCountry "CUB"]
[BlackCountry "ENG"]
[WhiteElo "2431"]
[WhiteRD "60"]
[BlackElo "2245"]
[BlackRD "73"]
[GameID "741649"]

1. e4 c5 2. Nf3 e6 3. Nc3 Nc6 4. Bb5 Nge7 5. d4 cxd4 6. Nxd4 a6 7. Be2 Nxd4 8. Qxd4 Nc6 9. Qe3 Be7 10. Qg3 O-O
11. Bh6 Bf6 12. O-O-O b5 13. f4 b4 14. Na4 e5 15. Rd5 Re8 16. Rhd1 exf4 17. Bxf4 Rxe4 18. Qf3 Re8 19. Bd3 Ra7 20. Qf2 a5
21. Kb1 Qe7 22. Bd6 Qd8 23. Bg3 Qe7 24. Nb6 Ba6 25. Bf5 Qe2 26. Qg1 Qe3 27. Bxd7 Qxg1 28. Rxg1
1-0

[Event "JAGI 1"]
[Site "SchemingMind.com"]
[Date "2024.01.20"]
[Round "-"]
[White "mmccaffe"]
[Black "eliecercruzr"]
[Result "0-1"]
[WhiteCountry "USA"]
[BlackCountry "CUB"]
[WhiteElo "1787"]
[WhiteRD "62"]
[BlackElo "2313"]
[BlackRD "60"]
[GameID "741650"]

1. d4 Nf6 2. c4 e6 3. g3 d5 4. Bg2 Be7 5. Nf3 O-O 6. O-O dxc4 7. Qc2 a6 8. a4 Bd7 9. Qxc4 Bc6 10. Bg5 Nbd7
11. Nc3 h6 12. Bxf6 Nxf6 13. Rfe1 Bxf3 14. Bxf3 c6 15. e4 Qa5 16. Rad1 Nd7 17. d5 Ne5 18. Qe2 Nxf3+ 19. Qxf3 Rad8 20. dxc6 bxc6
21. e5 Qc7 22. Qe2 Qb6 23. Rxd8 Rxd8 24. Rd1 Rxd1+ 25. Qxd1 Qxb2 26. Qd7 Qxc3 27. Qxe7 Qa1+ 28. Kg2 Qxa4 29. Qe8+ Kh7
0-1

[Event "JAGI 1"]
[Site "SchemingMind.com"]
[Date "2024.01.20"]
[Round "-"]
[White "Black Knight"]
[Black "eliecercruzr"]
[Result "0-1"]
[WhiteCountry "USA"]
[BlackCountry "CUB"]
[WhiteElo "1185"]
[WhiteRD "61"]
[BlackElo "2309"]
[BlackRD "60"]
[GameID "741651"]

1. e4 c5 2. d4 cxd4 3. Qxd4 Nc6 4. Qd1 Nf6 5. Nc3 e6 6. Bg5 Be7 7. Nf3 h6 8. Be3 O-O 9. Bd3 Ng4 10. h3 Nxe3
11. fxe3 Qb6 12. O-O Qxe3+ 13. Kh1 d6 14. Re1 Qb6 15. Bb5 a6 16. a4 axb5 17. Nxb5 e5 18. Nxd6 Rd8 19. Nxc8 Raxc8 20. Qe2 Nd4
21. Nxd4 exd4 22. Rad1 Qxb2 23. Rd2 Bg5 24. Rdd1 Rxc2 25. Qf1 d3 26. Rxd3 Rxd3 27. Qxd3 Rxg2 28. Rb1 Rh2+
0-1

[Event "JAGI 1"]
[Site "SchemingMind.com"]
[Date "2024.01.20"]
[Round "-"]
[White "Phillip Beckett"]
[Black "eliecercruzr"]
[Result "0-1"]
[WhiteCountry "ENG"]
[BlackCountry "CUB"]
[WhiteElo "1461"]
[WhiteRD "52"]
[BlackElo "2309"]
[BlackRD "60"]
[GameID "741652"]

1. e4 c5 2. Nf3 d6 3. d4 cxd4 4. Nxd4 Nf6 5. Nc3 a6 6. Bg5 e6 7. f4 Qb6 8. Qd2 Qxb2 9. Rb1 Qa3 10. Bd3 Nbd7
11. Rb3 Qc5 12. Nf3 Be7 13. Na4 Qc6 14. O-O Qxa4 15. e5 dxe5 16. fxe5 Bc5+ 17. Kh1 Nd5 18. Bh4 b5 19. Bg3 h6 20. Nh4 Be7
21. Qf2 O-O 22. c4 bxc4 23. Qd4 Nc5 24. Qxc4 Qxc4 25. Bxc4 Nxb3 26. axb3 Ne3 27. Rf3 Nxc4 28. bxc4 g5 29. Ng6 fxg6
0-1

[Event "JAGI 1"]
[Site "SchemingMind.com"]
[Date "2024.01.21"]
[Round "-"]
[White "pmdpsp"]
[Black "eliecercruzr"]
[Result "0-1"]
[WhiteCountry "GER"]
[BlackCountry "CUB"]
[WhiteElo "1667"]
[WhiteRD "72"]
[BlackElo "2309"]
[BlackRD "60"]
[GameID "741653"]

1. e4 c5 2. Nf3 d6 3. Nc3 Nf6 4. Bc4 a6 5. a4 e6 6. O-O d5 7. exd5 exd5 8. Ba2 Be7 9. Re1 O-O 10. d3 Nc6
11. Bg5 Be6 12. Ne2 h6 13. Bh4 Bg4 14. Nd2 Bf5 15. h3 Re8 16. Ng3 Be6 17. Ngf1 Qb6 18. b3 Rad8 19. f3 Nh5 20. Bf2 Nb4
21. Bb1 Bf6 22. Ra3 Bb2
0-1

[Event "JAGI 1"]
[Site "SchemingMind.com"]
[Date "2024.01.20"]
[Round "-"]
[White "kenneth m day"]
[Black "eliecercruzr"]
[Result "0-1"]
[WhiteCountry "USA"]
[BlackCountry "CUB"]
[WhiteElo "1646"]
[WhiteRD "60"]
[BlackElo "2383"]
[BlackRD "60"]
[GameID "741655"]

1. e4 c5 2. d4 cxd4 3. c3 dxc3 4. Nxc3 Nc6 5. Nf3 e6 6. Bc4 a6 7. O-O b5 8. Bb3 Na5 9. Bc2 Bb7 10. Re1 Rc8
11. Bd3 Be7 12. Bd2 Nc4 13. Bxc4 Rxc4 14. Ne5 Rc8 15. a3 Nf6 16. Rc1 d6 17. Nf3 Rc4 18. e5 dxe5 19. Nxe5 Rd4 20. Rc2 O-O
21. Ne2 Qd5 22. Nf3 Rc4 23. Rxc4 Qxc4 24. Nc3 Nd7 25. Be3 Rd8 26. Qe2 Qxe2 27. Nxe2 Nc5 28. Ne5 f6 29. Ng4 Nd3 30. Rb1 Nxb2
31. f3 Nc4 32. Bf2 e5 33. Ne3 Nxa3 34. Rd1 Rxd1+ 35. Nxd1 Bf8 36. Ndc3 a5 37. Nc1 b4 38. Na4 Bc6 39. Nb2 Nc2 40. Ncd3 a4
0-1

[Event "JAGI 1"]
[Site "SchemingMind.com"]
[Date "2024.01.20"]
[Round "-"]
[White "eliecercruzr"]
[Black "Chessibelle"]
[Result "1-0"]
[WhiteCountry "CUB"]
[BlackCountry "ENG"]
[WhiteElo "2309"]
[WhiteRD "60"]
[BlackElo "1049"]
[BlackRD "58"]
[GameID "741656"]

1. e4 e5 2. Nf3 d6 3. d4 Be7 4. dxe5 f6 5. exd6 cxd6 6. Nc3 a6 7. Bc4 Nh6 8. Bxh6 gxh6 9. Qd5 Rf8 10. Qh5+ Kd7
11. Nd4 Rg8 12. Be6+ Kc7 13. Nd5#
1-0